| 000 | 00493nam a22001937a 4500 | ||
|---|---|---|---|
| 999 |
_c6530 _d6530 |
||
| 001 | 334 | ||
| 003 | BD-DhUAP | ||
| 005 | 20210103160946.0 | ||
| 008 | 201109s1991 enk b 000 0 eng d | ||
| 020 | _a1872557031 | ||
| 040 |
_aBD-DhAAL _bEng _cBD-DhUAP |
||
| 082 | 0 | 0 |
_a823.912 MIT _223 |
| 100 | _aMitchison, Naomi. | ||
| 245 |
_aThe oath-takers / _cNaomi Mitchison. |
||
| 260 |
_aNairn : _bBalnain, _cc1991. |
||
| 300 |
_a176 pages ; _c20 cm. |
||
| 650 | _aEnglish fiction. | ||
| 942 |
_2ddc _cBK |
||